[Event "Tres Cantos op 10th"]
[Site "Tres Cantos"]
[Date "2018.06.26"]
[Round "6.22"]
[White "Camarero Izquierdo, Juan Carlos"]
[Black "Morales Martin, Javier"]
[Result "0-1"]
[WhiteElo "1907"]
[BlackElo "1756"]
[PlyCount "44"]
[EventDate "2018.06.21"]
[EventType "swiss"]
[EventRounds "9"]
[EventCountry "ESP"]
[SourceTitle "EXT 2024"]
[Source "ChessBase"]
[SourceDate "2023.10.10"]
[SourceVersion "1"]
[SourceVersionDate "2023.10.10"]
[SourceQuality "1"]

1. e4 c5 2. Nf3 g6 3. d4 cxd4 4. Nxd4 Bg7 5. Nc3 Nc6 6. Be3 Nf6 7. f3 0-0 8. Qd2 d5 9. Nxc6 bxc6 10. 0-0-0 Qa5 11. Bh6 d4 12. Nb1 Bxh6 13. Qxh6 Qxa2 14. Rxd4 Rb8 15. b3 Qa1 16. Ra4 Qe5 17. Bd3 Be6 18. f4 Qc5 19. Kb2 Bxb3 20. cxb3 Rxb3+ 21. Kxb3 Rb8+ 22. Ka2 Qf2+ 0-1

[Event "Tres Cantos op 10th"]
[Site "Tres Cantos"]
[Date "2018.06.22"]
[Round "2.34"]
[White "Martinez Dominguez, Juan Jose"]
[Black "Morales Martin, Javier"]
[Result "1-0"]
[WhiteElo "1419"]
[BlackElo "1756"]
[PlyCount "80"]
[EventDate "2018.06.21"]
[EventType "swiss"]
[EventRounds "9"]
[EventCountry "ESP"]
[SourceTitle "EXT 2024"]
[Source "ChessBase"]
[SourceDate "2023.10.10"]
[SourceVersion "1"]
[SourceVersionDate "2023.10.10"]
[SourceQuality "1"]

1. b3 e5 2. Bb2 Nc6 3. e3 Nf6 4. Bb5 d6 5. Ne2 a6 6. Bxc6+ bxc6 7. d3 Be7 8. Nd2 0-0 9. 0-0 c5 10. h3 Bb7 11. e4 Nd7 12. Nf3 f5 13. exf5 Rxf5 14. Ng3 Rf7 15. Ne4 d5 16. Ng3 Bd6 17. Qd2 Qe7 18. Rfe1 e4 19. Qg5 Qf8 20. dxe4 h6 21. Qg6 Bxg3 22. Qxg3 dxe4 23. Nd2 Re8 24. Re2 Nf6 25. Bxf6 Rxf6 26. Qxc7 Rf7 27. Qg3 Rf5 28. Re3 Re7 29. Rae1 Rg5 30. Qh4 Rf7 31. Nxe4 Rf4 32. g4 Rgf5 33. R1e2 h5 34. Qg3 hxg4 35. hxg4 Re5 36. Qg2 Qa8 37. f3 Qe8 38. Qg3 Rf6 39. Nxf6+ gxf6 40. Rxe5 Qxe5 1-0

[Event "Madrid San Viator op-A 30th"]
[Site "Madrid"]
[Date "2018.05.13"]
[Round "5"]
[White "Conchillo Roman, Jose Ignacio"]
[Black "Morales Martin, Javier"]
[Result "0-1"]
[WhiteElo "1553"]
[BlackElo "1747"]
[PlyCount "72"]
[EventDate "2018.04.08"]
[EventType "swiss"]
[EventRounds "9"]
[EventCountry "ESP"]
[SourceTitle "EXT 2019"]
[Source "ChessBase"]
[SourceDate "2018.10.10"]
[SourceVersion "1"]
[SourceVersionDate "2018.10.10"]
[SourceQuality "1"]

1. e4 c5 2. c3 d5 3. exd5 Qxd5 4. d4 cxd4 5. Qxd4 Qxd4 6. cxd4 Nc6 7. Bb5 Bd7 8. Be3 Nf6 9. Nc3 e6 10. Nge2 Bd6 11. 0-0 0-0 12. Rfd1 Rfd8 13. Rac1 a6 14. Bd3 Bc7 15. h3 h6 16. Bb1 Be8 17. Rd2 Rac8 18. Rcd1 Ne7 19. Nf4 Ba5 20. Rd3 b5 21. a3 b4 22. axb4 Bxb4 23. Ba2 g5 24. Nxe6 fxe6 25. Bxe6+ Bf7 26. Bxc8 Rxc8 27. d5 Bxc3 28. d6 Bb4 29. dxe7 Bxe7 30. Ra1 Rc6 31. Rc3 Rxc3 32. bxc3 Bc4 33. f3 Nd5 34. Bd4 Bf6 35. Re1 Kf7 36. Bxf6 Kxf6 0-1

[Event "Madrid San Viator op-A 30th"]
[Site "Madrid"]
[Date "2018.04.15"]
[Round "2"]
[White "Morales Martin, Javier"]
[Black "Lobato Rivero, Carlos"]
[Result "0-1"]
[WhiteElo "1747"]
[BlackElo "1968"]
[PlyCount "94"]
[EventDate "2018.04.08"]
[EventType "swiss"]
[EventRounds "9"]
[EventCountry "ESP"]
[SourceTitle "EXT 2019"]
[Source "ChessBase"]
[SourceDate "2018.10.10"]
[SourceVersion "1"]
[SourceVersionDate "2018.10.10"]
[SourceQuality "1"]

1. d4 Nf6 2. Bf4 g6 3. Nc3 d5 4. e3 c6 5. Bd3 Bg7 6. Nf3 Nbd7 7. h3 0-0 8. Ne5 Nxe5 9. Bxe5 Bh6 10. g4 Nd7 11. Bg3 e5 12. dxe5 Qb6 13. Rb1 Re8 14. g5 Bxg5 15. h4 Bxe3 16. fxe3 Qxe3+ 17. Ne2 Nxe5 18. Bxe5 Rxe5 19. Qd2 Qg3+ 20. Kd1 Bg4 21. Qe1 Qe3 22. Qd2 Qf3 23. Re1 Rae8 24. b4 Rxe2 25. Bxe2 Rxe2 26. Rxe2 Qf1+ 27. Qe1 Bxe2+ 28. Kd2 Qxe1+ 29. Rxe1 Bc4 30. a4 Kf8 31. Kc3 f5 32. Kd4 Kf7 33. Ke5 Ke7 34. h5 gxh5 35. Kxf5+ Kd6 36. Re6+ Kc7 37. Rh6 Be2 38. Rxh7+ Kb6 39. Ke5 Bd1 40. a5+ Ka6 41. c3 Bf3 42. Kd6 b6 43. axb6 axb6 44. Rc7 Kb5 45. Rxc6 d4 46. Rc7 d3 47. Rf7 d2 0-1

[Event "Madrid San Viator op-A 30th"]
[Site "Madrid"]
[Date "2018.04.08"]
[Round "1"]
[White "Garcia Galeote, Lorenzo"]
[Black "Morales Martin, Javier"]
[Result "1/2-1/2"]
[WhiteElo "1972"]
[BlackElo "1747"]
[PlyCount "52"]
[EventDate "2018.04.08"]
[EventType "swiss"]
[EventRounds "9"]
[EventCountry "ESP"]
[SourceTitle "EXT 2019"]
[Source "ChessBase"]
[SourceDate "2018.10.10"]
[SourceVersion "1"]
[SourceVersionDate "2018.10.10"]
[SourceQuality "1"]

1. d4 Nf6 2. c4 g6 3. Nc3 Bg7 4. e4 d6 5. Nge2 c6 6. Ng3 a6 7. a4 h5 8. Be2 a5 9. h3 Na6 10. Bg5 Nb4 11. 0-0 h4 12. Nh1 Be6 13. Be3 Nh5 14. d5 Bd7 15. Bd4 Be5 16. f4 Bxd4+ 17. Qxd4 Rg8 18. Rac1 Qc8 19. f5 cxd5 20. cxd5 Qc5 21. Qxc5 dxc5 22. Nb5 Rc8 23. d6 b6 24. Nc7+ Kd8 25. Bc4 exd6 26. Bxf7 Kxc7 1/2-1/2

[Event "Madrid Tajamar Easter op-A"]
[Site "Madrid"]
[Date "2018.03.26"]
[Round "6"]
[White "Camarero Izquierdo, Juan Carlos"]
[Black "Morales Martin, Javier"]
[Result "1/2-1/2"]
[WhiteElo "1969"]
[BlackElo "1712"]
[PlyCount "22"]
[EventDate "2018.03.22"]
[EventType "swiss"]
[EventRounds "7"]
[EventCountry "ESP"]
[SourceTitle "EXT 2019"]
[Source "ChessBase"]
[SourceDate "2018.10.10"]
[SourceVersion "1"]
[SourceVersionDate "2018.10.10"]
[SourceQuality "1"]

1. d4 Nf6 2. Nc3 g6 3. e4 d6 4. Be3 c6 5. Qd2 b5 6. Bd3 Nbd7 7. Bh6 Bxh6 8. Qxh6 e5 9. Nf3 exd4 10. Nxd4 Qb6 11. Nf3 Qxf2+ 1/2-1/2

[Event "Tres Cantos op 9th"]
[Site "Tres Cantos"]
[Date "2017.06.26"]
[Round "5"]
[White "Morales Martin, Javier"]
[Black "Camarero Izquierdo, Juan Carlos"]
[Result "0-1"]
[WhiteElo "1639"]
[BlackElo "1875"]
[PlyCount "112"]
[EventDate "2017.06.22"]
[EventType "swiss"]
[EventRounds "9"]
[EventCountry "ESP"]
[SourceTitle "EXT 2019"]
[Source "ChessBase"]
[SourceDate "2018.10.10"]
[SourceVersion "1"]
[SourceVersionDate "2018.10.10"]
[SourceQuality "1"]

1. e4 c5 2. Nf3 d6 3. d4 cxd4 4. Nxd4 Nf6 5. Nc3 a6 6. Be3 e6 7. f3 Be7 8. Qd2 0-0 9. 0-0-0 b5 10. g4 b4 11. Nb1 Bd7 12. Qxb4 Nc6 13. Nxc6 Bxc6 14. Nc3 Nd7 15. Qc4 Bb7 16. h4 Rc8 17. Qe2 Rxc3 18. bxc3 Qa5 19. Kd2 Rc8 20. Ke1 Qxc3+ 21. Kf2 d5 22. Bd4 Qxc2 23. Rd2 Qc7 24. e5 Nf8 25. g5 Bc5 26. Bxc5 Qxc5+ 27. Qe3 Qc7 28. Bd3 Nd7 29. Re1 Qa5 30. Rc2 Rxc2+ 31. Bxc2 Qxa2 32. Qd3 g6 33. h5 Bc6 34. Qc3 Qc4 35. Qxc4 dxc4 36. h6 Kf8 37. f4 Ke7 38. Ke3 Kd8 39. Kd4 Bb5 40. Ra1 Kc7 41. Ba4 Kb6 42. Bxb5 axb5 43. Ra8 Nc5 44. Rh8 Nb3+ 45. Kc3 Kc5 46. Rxh7 b4+ 47. Kb2 Nd4 48. Rxf7 c3+ 49. Kc1 b3 50. h7 Ne2+ 51. Kd1 b2 52. Rb7 Nd4 53. Rc7+ Kb4 54. Rb7+ Kc4 55. h8Q c2+ 56. Ke1 c1Q+ 0-1